| 000 | 00819nam a2200265Ia 4500 | ||
|---|---|---|---|
| 003 | OSt | ||
| 005 | 20220925165510.0 | ||
| 006 | a|||||r|||| 00| 0 | ||
| 007 | ta | ||
| 008 | 220923b |||||||| |||| 00| 0 eng d | ||
| 020 |
_a0444500138 _c8903.26 |
||
| 037 |
_b2904, 09/03/2007, RAJKIRAN BOOK AGENCY _cGeneral Book |
||
| 040 |
_aRTL _cRTL _beng |
||
| 041 |
_2eng _aeng |
||
| 082 | _aB2816, P3 | ||
| 100 |
_aShanbhag DN _9233583 |
||
| 245 | 0 |
_aStochastic processes _bModelling and simulation |
|
| 260 |
_aAmsterdam _bElsevier _c2003 |
||
| 300 |
_axvii, 1000 _ccm. |
||
| 490 | _aHandbook of statistics. 21 | ||
| 650 | _aEconomics | ||
| 700 |
_a Rao CR _9233584 |
||
| 942 |
_hB2816, P3 _cGB _2CC |
||
| 999 |
_c477358 _d477358 |
||